| 000 | 00864nam a2200229 a 4500 | ||
|---|---|---|---|
| 001 | 47791 | ||
| 003 | BD-RjUL | ||
| 005 | 20211209054408.0 | ||
| 008 | 160810s1983 bg ||||| |||| 00| 0 ben d | ||
| 020 | _c: Tk.25.00 | ||
| 035 | _a(BD-RjUL)47910 | ||
| 040 |
_aBD-RjUL _bben _cBD-RjUL _dBD-RjUL |
||
| 041 | _aben | ||
| 082 |
_223 _a861 _bVIS 1983 |
||
| 245 | 0 | 0 |
_aভিসেন্তি আলেকজান্ডার : _bতাঁর কবিতা / _cজাহাঙ্গীর চৌধুরী অনূদিত |
| 260 |
_aঢাকা : _bকপোতাক্ষি, _c১৯৮৩. |
||
| 300 |
_a৫৩ পৃ. ; _c২৫ সেমি. |
||
| 650 |
_aস্প্যানিশ কবিতা _9145097 |
||
| 650 |
_aSpanish Poetry _9145098 |
||
| 700 |
_aচৌধুরী, জাহাঙ্গীর অনূদিত _9145110 |
||
| 942 |
_2ddc _cBK |
||
| 999 |
_c47791 _d47791 |
||